000 01371nam a22003137a 4500
005 20160808125133.0
008 150803b ck ||||| |||| 00| 0 spa d
020 _a9789589997925
040 _aCO-BoIAVH
_cCO-BoIAVH
041 0 _aspa
044 _ack
082 4 _a333.720601
_bS23m
100 1 _aSantamaría, Marcela
_eeditora
245 1 _aMosaicos de conservación/
_cMarcela Santamaría, Ana Beatriz Barona,...[et al]
260 3 _aBogotá (Colomba):
_bUnión Gráfica,
_c2012.
300 _a412 p.
_bilustraciones, fotografías, color, mapas.
_c22 cm.
500 _aIncluye anexos (Págs. 406-412).
505 _aCap. 1 Programa de mosaicos de conservación. Cap. 2 Paisaje y conservación. Cap. 3 Estrategias para el manejo de las áreas protegidas y el paisaje. Cap. 4 Acuerdos de manejo y producción sostenible en los mosaicos.
650 6 _aGestión Ambiental
_zColombia
650 4 _aGestión Ambiental
_xConservación
_zColombia
650 6 _aRestauración ecológica
_xFauna
_zColombia
650 6 _aRestauración ecológica
_xFlora
_zColombia
700 1 _aBarona, Ana Beatriz
_eeditora
700 1 _aRey Cobos, Nadia
_eeditora
700 1 _aOrjuela, Mónica
_eeditora
710 1 _aFondo de Patrimonio Cultural
700 1 _aChaves, María Elfi
_eeditora
942 _2ddc
_cLIBRO
999 _c17633
_d17633